| 000 | 00538cas a22001694i 4500 | ||
|---|---|---|---|
| 999 |
_c50771 _d50771 |
||
| 001 | 768714001 | ||
| 003 | CO-MdFUSB | ||
| 005 | 20180409151916.0 | ||
| 008 | 180409s2004 cr ||||| |||| 00| 0 spa d | ||
| 040 |
_aCO-MdFUSB _bspa _cCO-MdFUSB _dCO-MdFUSB |
||
| 041 | _aspa | ||
| 100 | 1 |
_aMumford, Bob _eautor |
|
| 245 | 1 | 0 | _aLa hermosura de la santidad |
| 300 |
_aVolumen 6. Número 12 (2004), páginas 178-181 _c: 28 cm. |
||
| 773 | 0 |
_tConquista Cristiana _049446 _960367 _gVolumen 6. Número 12 (2004), páginas 178-181 _qpágina 178 |
|
| 942 | _cANA | ||